000 00445nam a2200181Ia 4500
001 24889
005 20260414151113.0
008 260414t2022||||xx |||||||||||||| ||spa||
041 _aESP
082 _a346
_bR783
100 _aRuggiero de, Roberto,
_eAUT
245 0 _aInstituciones de derecho civil :
_barte general
260 _c2022
300 _a231 páginas :
_c23 cm.
650 _aDER
654 _aCDE
942 _cLIB
_dJUS
_fJUS
_2ddc
_n
999 _c24889
_d24889